书目信息 |
| 题名: |
发电厂变电所电气设备
|
|
| 作者: | 刘宝贵 编 | |
| 分册: | ||
| 出版信息: | 北京 中国电力出版社 2008.04 |
|
| 页数: | 223页 | |
| 开本: | 26cm | |
| 丛书名: | ||
| 单 册: | ||
| 中图分类: | TM6 | |
| 科图分类: | ||
| 主题词: | 发电厂--fa dian chang--电气设备--高等学校--教材 , 变电所--bian dian suo--电气设备--高等学校--教材 | |
| 电子资源: | ||
| ISBN: | 978-7-5083-6305-9 | |
| 000 | 00991nam0 2200265 450 | |
| 001 | 012008080775 | |
| 005 | 20080626153506.26 | |
| 010 | @a978-7-5083-6305-9@dCNY22.00 | |
| 100 | @a20080626d2008 em y0chiy0120 ea | |
| 101 | 0 | @achi |
| 102 | @aCN@b110000 | |
| 105 | @aa a 000yy | |
| 106 | @ar | |
| 200 | 1 | @a发电厂变电所电气设备@Afa dian chang bian dian suo dian qi she bei@f刘宝贵编@Fliu bao gui bian |
| 210 | @a北京@c中国电力出版社@d2008.04 | |
| 215 | @a223页@c图@d26cm | |
| 300 | @a普通高等教育“十一五”国家级规划教材 (高职高专教育) | |
| 320 | @a有书目 | |
| 330 | @a本书主要内容包括高压开关电器,互感器,电气主接线,发电厂和变电所的自用电,配电装置,载流导体的发热、电动力及计算,电气设备的选择,发电厂变电所的控制与信号。 | |
| 606 | 0 | @a发电厂@Afa dian chang@x电气设备@x高等学校@j教材 |
| 606 | 0 | @a变电所@Abian dian suo@x电气设备@x高等学校@j教材 |
| 690 | @aTM6@v4 | |
| 701 | 0 | @a刘宝贵@Aliu bao gui@4编 |
| 801 | 0 | @aCN@bQSSK@c20080626 |
| 905 | @b729417-18@dTM6@eL581@f2 | |
| 发电厂变电所电气设备/刘宝贵编.-北京:中国电力出版社,2008.04 |
| 223页:图;26cm |
| 普通高等教育“十一五”国家级规划教材 (高职高专教育) |
| ISBN 978-7-5083-6305-9:CNY22.00 |
| 本书主要内容包括高压开关电器,互感器,电气主接线,发电厂和变电所的自用电,配电装置,载流导体的发热、电动力及计算,电气设备的选择,发电厂变电所的控制与信号。 |
| ● |
| 相关链接 |
|
|
|
正题名:发电厂变电所电气设备
索取号:TM6/L581
 
预约/预借
| 序号 | 登录号 | 条形码 | 馆藏地/架位号 | 状态 | 备注 |
| 1 | 729417 | 207294177 | 自科库301/301自科库 14排2列2层/ [索取号:TM6/L581] | 在馆 | |
| 2 | 729418 | 207294186 | 自科库301/301自科库 14排2列2层/ [索取号:TM6/L581] | 在馆 |